000 00461nam a22001817a 4500
999 _c6297
_d6295
005 20210825164011.0
008 200518b xxu||||| |||| 00| 0 eng d
020 _a9789384875183
041 _aeng
082 _a615 SHA
100 _aSHARMA, DINESH KUMAR
_96665
245 _aLAB MANUAL OF PHARMACEUTICAL UNIT OPERATIONS
250 _a1'st
260 _aModinagar(UP)
_bUnnati Publication
_c2018
300 _a176
650 _aPharmacy
_96666
942 _cBK